书目信息 |
| 题名: |
代数群引论
|
|
| 作者: | 赵春来 , 黎景辉 著 | |
| 分册: | ||
| 出版信息: | 北京 科学出版社 2006.09 |
|
| 页数: | 457 | |
| 开本: | 24cm | |
| 丛书名: | 现代数学基础丛书 | |
| 单 册: | ||
| 中图分类: | O187.2 | |
| 科图分类: | ||
| 主题词: | 拓扑 | |
| 电子资源: | ||
| ISBN: | 7-03-017861-0 | |
| 000 | 00657 nam 000241 | |
| 001 | 0100001982 | |
| 005 | 20070902162847.24 | |
| 010 | @a7-03-017861-0@dCNY68.00 | |
| 100 | @a20070806d2006 em y0chiy0121 ea | |
| 101 | @achi | |
| 102 | @aCN@b110000 | |
| 105 | @ay z 000yy | |
| 200 | 10 | @a代数群引论@9dai shu que yin lun@f黎景辉 赵春来著@Fli jing hui zhao chun lai zhu |
| 210 | @a北京@c科学出版社@d2006.09 | |
| 215 | @a457@d24cm | |
| 225 | @a现代数学基础丛书 | |
| 606 | @a拓扑 | |
| 690 | @aO187.2@v4 | |
| 701 | 1 | @a赵春来@9zhao chun lai@4著 |
| 701 | 0 | @a黎景辉@9li jing hui@4著 |
| 801 | @aCN@c20070902 | |
| 901 | @a000003 | |
| 905 | @dO187.2@eL105 | |
| 代数群引论/黎景辉 赵春来著.-北京:科学出版社,2006.09 |
| 457;24cm.-(现代数学基础丛书) |
| ISBN 7-03-017861-0:CNY68.00 |
| ● |
| 相关链接 |
|
|
|
正题名:代数群引论
索取号:O187.2/L105
 
预约/预借
| 序号 | 登录号 | 条形码 | 馆藏地/架位号 | 状态 | 备注 |
| 1 | 644258 | 206442580 | 自科库401/401自科库 76排2列3层/ [索取号:O187.2/L105] | 在馆 | |
| 2 | 644259 | 206442599 | 自科库401/401自科库 76排2列3层/ [索取号:O187.2/L105] | 在馆 |